000
00323nam a2200109Ia 4500
008
200302s9999 xx 000 0 und d
100
_a
Irving H. Shames & Other
245
_a
Energy & Finite Element Methods in Structural Mechanics
260
_b
New Age International Pvt. Ltd. Publishers
260
_c
2006
300
_a
757 P.,
999
_c
2543
_d
2543